Quizzes
Events
Quiz Creation
Community
Videos
Private Events
Remove Ads
Sign In
Join for FREE
Feedback
Dark Mode
Quiz Categories
Sports
Geography
Music
Movies
Television
Just For Fun
Miscellaneous
History
Literature
Language
Science
Gaming
Entertainment
Religion
Holiday
For Kids
Quiz Lab
Recent
Popular Today
Quiz Kudos Today
Editor Picks
Curator Picks
Quizzes by...
Day
Popularity
Type
Ratings
Length
Year
Community
Subscriptions
Recent Discussions
Orange Saloon
Badges
Playlists
Quests
Create
Leaderboards
Showdown
Live 5
Trivia Bingo
Activity
Puzzle Library
Sporcle Events
Private Events
Virtual Trivia
Globe League
Become a Host
Pub Owners
SporcleCon
Opinionation
Our Games
Videos
Blog
Mobile Apps
Partnerships
Remove Ads and Go Orange
Feedback
Music
Pop Music
The Beatles
Song
Album
Lyrics
Bands
Singers
Artist
Clip
Rock
Rap
Classical
Billboard
Country Music
Kpop
Taylor Swift
Music
Pop Music
The Beatles
Song
Album
Lyrics
Bands
Singers
Artist
Clip
Rock
Rap
Classical
Billboard
Country Music
Kpop
Taylor Swift
Random Quiz
Search Sporcle
×
Quiz Lab
Quiz Lab
Music
Yesterday
Type in answers that appear in a list
Type in answers that appear in a list
Classic
Best Score? Go Orange.
Yesterday by The Beatles Stats
Can you name the Yesterday?
By
Pike294
4m
11 Questions
77 Plays
77 Plays
77 Plays
Comments
Comments
Give Quiz Kudos
Give Quiz Kudos
-
- Ratings
hide this ad
Forced Order
Answers have to be entered in order
Answers have to be entered in order
Replay
Link that replays current quiz
Next Quiz
Link to next quiz in quiz playlist
You Got
0%
They Got
Avg Score
80%
Avg Friend Score
Upgrade to see
Score Distribution
Jump to the score distribution portion of the page
Score
0/11
Timer
04:00
0
Plays Today
Lyrics
Missing lyrics
% Correct
Oh, I believe...
In yesterday
97.4%
Yesterday...
All my troubles seemed so far away
92.2%
Now it looks as though...
They're here to stay
88.3%
Suddenly, I'm not...
Half the man I used to be
88.3%
Oh, yesterday, came...
Suddenly
81.8%
Why, she...
Had to go I don't know
81.8%
There's a...
Shadow hanging over me
80.5%
Oh, I believe...
In yesterday
76.6%
She wouldn't say, I said...
Something wrong now I long for yesterday
70.1%
Yesterday...
Love was such an easy game to play
63.6%
Now I...
Need a place to hide away
61%
Quiz Playlist
Details
Report
Send in Message
Add To Playlist
Classic:
Type in answers that appear in a list
Forced Order:
Answers have to be entered in order
Last Updated: Feb 16, 2017
Quiz Scoreboard
CHALLENGE
Sign Up to Join the Scoreboard
Show All
Scores
Hide
Comments
May contain spoilers
Recently Published
Click the 1999 NBA Draft
by nibperrychub
Sports
2m
Alphabetical 'K' Countries by Flag Minefield
by ylime102
Geography
3m
Pick 6: Fruits
by JohnFran
Miscellaneous
15s
More to Explore
Quiz From the Vault
Featured Blog Post
15 Basketball Trivia Facts You Can Be March Mad About
hide this ad
You Might Also Like...
Tags
Yesterday
Today's Top Quizzes in Music
Browse Music
hide this ad
Today's Top Quizzes in Yesterday
Browse Yesterday
Top Contributed Quizzes in Music
1
Taylor Swift All Songs (2024)
2
A Taylor Swift Logic Puzzle
3
KPOP LOGIC QUIZ
4
Taylor Swift Logic Puzzle
5
Guess the Taylor Swift song (Mystery Song)
6
Guess The Taylor Swift Lyrics Song #1
7
Kpop murder mystery 1
8
kpop group name match up
9
K-Pop : 100 Debut Songs (Part 1 of 3)
10
K-Pop Murder Mystery Logic Quiz
Explore More
Trending Topics
Marvel
Kpop
Harry Potter
Disney
Anime
Crossword
NBA
WWE
The Office
Soccer
NFL
Pokémon
Song
Puzzle
Country
hide this ad
More By:
Pike294
Quiz
Plays
Rating
Category
Featured
Created
Songs Named After Girls (Clickable)
2,483
3.11
Music
May 12, 2012
Who Wants to be a Millionaire Simpsons
1,459
1.56
Television
Oct 16, 2010
Boy's Names in Songs (Clickable)
1,054
1.32
Music
May 13, 2012
Nirvana Lyric Quiz (Clickable)
889
4.00
Music
May 13, 2012
Can You Name the Horror Movie Villains?
866
3.33
Movies
Nov 4, 2010
Go to Creator's Profile
Score Distribution
Quiz Creator Spotlight
Pike294
Follow
Send a Message
Quizzes Created
-
Created Quiz Play Count
-
More By This Creator
Popular Quizzes Today
1
Countries of Asia Without Outlines Minefield
2
Find the US States - No Outlines Minefield
3
Pick 6: Fruits
4
Alphabetical 'K' Countries by Flag Minefield
5
The Countries of the World
6
Find the US States
7
Find the Countries of Europe - No Outlines Minefield
8
US States
More Music Quizzes
1987 in British Music
Editor's Pick
Trending Quizzes
Pick 6: Mountains
Pick 6: Harry Potter
Pick 6: Flags
Pick 6: NFL Teams
Pick 6: Movie Franchises
Recently Updated
NWSL Teams
pecheneg
Women's Final Four Teams by Year
bhenderson79
Presidents Quartet II
eogle
Anything But Clue(do)
eogle
Anything But Oceanian Capitals
eogle
Anything But 7
eogle
Anything But Thing
eogle
Word Ladder: February 29
pecheneg
Song Title Questions
pecheneg
Women's NCAA Tournament #1 Seeds
pecheneg
Trending Topics
Marvel
Anime
Disney
Crossword
Kpop
Harry Potter
NBA
Song
NFL
Puzzle
The Office
Pokémon
Soccer
Country
WWE
Your Account Isn't Verified!
In order to create a playlist on Sporcle, you need to verify the email address you used during registration. Go to your
Sporcle Settings
to finish the process.
Report this User
Report this user for behavior that violates our
Community Guidelines
.
Details:
Send Report
Go to the Sporcle.com Mobile Site →
Comments